000 02651cam a22005774i 4500
003 PE-LiUPU
005 20250731180133.0
008 150625s r 000 0 d
020 _a9681801644
035 _a(Sirsi) i9789681801649
040 _aPE-LiUPU
_bspa
_cPE-LiUPU
_erda
049 _aPRUA
082 0 4 _a539
_bM262004
_221
100 1 _aMaron, Samuel H.,
_eautor.
245 1 0 _aFundamentos de fisicoquímica /
_cSamuel H. Maron, Carl F. Prutton ; vers. Manuel Aragonés A.
264 1 _aMéxico :
_bLimusa,
_c2004.
300 _a903 páginas :
_bilustraciones ;
_c23 centímetros
336 _atext
_2rdacontent
337 _aunmediated
_2rdamedia
338 _avolume
_2rdacarrier
505 0 _aEquilibrio químico -- Soluciones -- Propiedades coligativas de las soluciones -- Regla de las fases -- Conductancia y equilibrio iónico -- Celdas electroquímicas -- Cinética de las reacciones homogéneas -- Estructura atómica -- Naturaleza del enlace químico -- Investigación de la estructura molecular -- Química nuclear -- Mecánica estadística -- Fotoquímica -- Fenómenos superficiales y catálisis -- Coloides.
526 _aSEG44
526 _aSEG26
526 _aP159
526 _aP155
526 _aP154
526 _aP153
526 _aP150
526 _aP100
526 _aP31
526 _aP30
526 _aP26
526 _aP25
526 _aP24
526 _aP22
526 _aP15
526 _aP10
541 _g001-026339;
650 0 4 _aFisicoquímica.
700 1 _aAragonés A., Manuel,
_etraductor.
700 1 _aPrutton, Carl F.,
_eautor.
942 _2ddc
_cBOOK
949 _a539 M26 2004
_wDEWEY
_c1
_i57177
_lCCODEBUL1
_mBUL
_p41.00
_r0
_sY
_tBOOK
_u2015-6-25
_xINGENIERIA
_zUNKNOWN
_0COMPRA
_o.STAFF. Colección General
949 _a539 M26
_wDEWEY
_c1
_iFJ05893
_lCCODEBUJ1
_mBUJ
_p26.00
_r0
_sY
_tBOOK
_u2016-6-10
_xINGENIERIA
_PP25
_0COMPRA
_o.STAFF -- Colección General Juliaca
994 _aC0
_bPEPRU
596 _a1 3
999 _a539 M26 2004
_wDEWEY
_c46286
_i57177
_d46286
_e2019-8-19
_f2021-11-5
_g7
_lCCODEBUL1
_mBUL
_n4
_p41.00
_r0
_sY
_tBOOK
_u2015-6-25
_xBIBLIOTECA
_zUNKNOWN
_0COMPRA
_o.STAFF. Colección General
999 _a539 M26
_wDEWEY
_c1
_iFJ05893
_f2022-1-19
_g4
_lCCODEBUJ1
_mBUJ
_p26.00
_r0
_sY
_tBOOK
_u2017-1-24
_xINGENIERIA
_PP25
_0COMPRA
_o.STAFF. Colección General Juliaca
999 _a539 M26
_wDEWEY
_c2
_iFJ05896
_f2022-1-19
_g4
_lCCODEBUJ1
_mBUJ
_p26.00
_r0
_sY
_tBOOK
_u2017-1-24
_xBIBLIOTECA
_zUNKNOWN
_0COMPRA
_o.STAFF. Colección General Juliaca
980 _81
_gALBERTO SANCHEZ Responsable de Automatización